[Event "Pamplona 0102"]
[Site "Pamplona"]
[Date "2002.01.02"]
[Round "6"]
[White "Andersson, Ulf"]
[Black "Conquest, Stuart"]
[Result "1-0"]
[WhiteElo "2601"]
[BlackElo "2601"]
[Annotator "Hecht,H"]
[PlyCount "75"]
[EventDate "2001.12.27"]
[EventType "tourn"]
[EventRounds "9"]
[EventCountry "ESP"]
[EventCategory "14"]
[SourceTitle "CBM 087"]
[Source "ChessBase"]
[SourceDate "2002.03.21"]
[SourceVersion "1"]
[SourceVersionDate "2002.03.21"]
[SourceQuality "1"]

1. Nf3 d5 2. d4 c6 3. c4 dxc4 4. e3 Be6 5. Nc3 b5 6. a4 b4 7. Ne4 Nf6 8. Nc5
Bd5 9. Bd2 e6 10. Rc1 Bxc5 11. dxc5 Na6 12. Bxc4 Nxc5 13. Bxb4 Qb6 14. Bxc5
Qxc5 15. Bxd5 Qxd5 16. O-O O-O 17. Qc2 Rfc8 18. Rfd1 Qa5 19. h3 h6 20. Rd4 Rab8
21. Rc4 c5 22. Ne5 Rb4 23. Rxc5 Rxc5 24. Qxc5 Qxc5 25. Rxc5 {[#] Schwarz
verliert den wichtigen Bf7,ob er einen weißen Damenflügelbauern schlägt oder
nicht. danach werden alle schwarzen Bauern schwach.} Rxa4 (25... Rb7 26. Rc8+
Kh7 27. Rf8 {[%csl Rf7]}) (25... Rxb2 26. Rc8+ Kh7 27. Nxf7 Ra2 28. Rc4 Nd5 29.
Nd8 Nb6 30. Rc7 $18 {[%csl Ra7,Re6,Rg7]}) 26. Rc8+ Kh7 27. Nxf7 Ra1+ 28. Kh2
Ra2 29. Rh8+ Kg6 30. Ne5+ Kf5 31. Nd3 e5 32. Rb8 a6 (32... e4 $142 33. Nc5 g5)
33. Rb6 Ra5 (33... e4 34. g4+ Kg5 35. Nf4 $18) 34. f3 h5 35. e4+ Kg6 36. Kg3
Kf7 37. Rb7+ Kf8 38. Kh4 {[%cal Rh4g5,Rg5g6]} 1-0

[Event "EU-ch 4th"]
[Site "Istanbul"]
[Date "2003.06.12"]
[Round "12"]
[White "Van Wely, Loek"]
[Black "Azmaiparashvili, Zurab"]
[Result "0-1"]
[WhiteElo "2675"]
[BlackElo "2678"]
[Annotator "Hecht,H"]
[PlyCount "172"]
[EventDate "2003.05.30"]
[EventType "swiss"]
[EventRounds "13"]
[EventCountry "TUR"]
[SourceTitle "CBM 096"]
[Source "ChessBase"]
[SourceDate "2003.09.25"]
[SourceVersion "1"]
[SourceVersionDate "2003.09.25"]
[SourceQuality "1"]

1. d4 d5 2. c4 c6 3. Nf3 Nf6 4. e3 Bg4 5. h3 Bxf3 6. Qxf3 e6 7. Nc3 Nbd7 8. Bd2
Bb4 9. Bd3 O-O 10. a3 Bd6 11. O-O Re8 12. Rfe1 e5 13. cxd5 cxd5 14. Bb5 e4 15.
Qf5 g6 16. Qg5 Kg7 17. f4 a6 18. Be2 Rc8 19. Qh4 b5 20. g4 Nb6 21. g5 Ng8 22.
Bg4 Rc7 23. Re2 f5 24. gxf6+ Qxf6 25. Qg3 Ne7 26. Rg2 Nc4 27. Be1 Kh8 28. h4 h5
29. Bh3 Qf7 30. Nd1 Rg8 31. Rc1 Nf5 32. Qf2 Qe8 33. Bxf5 gxf5 34. Rg5 Ne5 35.
dxe5 Rxc1 36. Qd2 Rxd1 37. Qxd1 Be7 38. Qxd5 Bxg5 39. hxg5 {[#] Anmerkungen
nach SCHACH#7,S.9-10 Für die Qualität hat Weiß mit einem und bald zwei Bauern
sowie der offenen schwarzen Königsstellung vielleicht sogar -symbolischen-
Vorteil.} Rg6 40. Bc3 Qe6 41. Qd1 Kg8 42. Qxh5 Rg7 43. Qd1 Rd7 44. Bd4 Rc7 45.
Kf2 Kg7 46. Bc3 Rc8 ({Ja nicht} 46... Rd7 $2 47. Qxd7+ Qxd7 48. e6+ $18) 47.
Qd4 Kg6 48. Kg3 Rc7 49. Qd1 Rd7 50. Bd4 Qc4 51. Kf2 Qc6 52. Qb3 Rd8 53. e6 $5 {
Weiß spielt auf Sieg!} Re8 54. e7 Qd7 (54... Rxe7 55. Qg8+ Kh5 56. Qh8+ Kg4 57.
Bc3 {[%cal Rf2g2,Rh8h3] war mehr als nur riskant. Man sehe:} Qd7 58. Qh1 $1 Qd3
(58... Rh7 59. Qg2+ Kh4 60. Qg3+ Kh5 61. g6 $18) 59. Qg2+ Kh5 60. Qh3+ Kg6 61.
Qh6+ Kf7 62. g6+ Ke8 63. g7 $18) 55. Bf6 Rc8 56. Ke2 a5 57. Bd4 (57. Qd1 Qxd1+
58. Kxd1 a4 $11) 57... a4 58. Qb4 Re8 59. Bf6 Qd3+ 60. Kf2 Qc2+ 61. Ke1 Qb1+
62. Kf2 Qc2+ 63. Kg3 $5 {Das hätte Van Wely nicht tun sollen. Ab sofort spielt
nämlich Schwarz auf Gewinn.} Qe2 $1 64. Bd4 $2 (64. Qc5 $8 Kh5 65. Qxf5 (65.
Qc1 $142) 65... Qxe3+ 66. Kg2 Qf3+ 67. Kh2 Qf2+ 68. Kh3 Qh4+ 69. Kg2 Qg4+ 70.
Qxg4+ Kxg4 {sieht aber auch nach Remis aus, weil Schwarz wohl kaum seinen Turm
wird aktivieren können.} 71. Be5 $8 (71. Kf2 $2 Kxf4 72. Ke2 e3 73. Ke1 Kf3 74.
g6 Rc8 75. Bc3 b4 $3 76. axb4 a3 $1 77. e8=Q Rxe8 78. bxa3 Rc8 $19) 71... Rxe7
72. g6 e3 73. g7 Re8 74. Kg1 Kf3 75. f5 e2 76. Bc3 e1=Q+ 77. Bxe1 Rxe1+ 78. Kh2
$11 {Das ist alles spannend und muss geprüft werden.}) 64... Qf3+ 65. Kh2 Qf2+
66. Kh3 Kh5 $1 67. g6 (67. Qxb5 Qf3+ 68. Kh2 Kg4 69. Kg1 (69. Qxe8 Qf2+ 70. Kh1
Kg3 $19) 69... Rh8 $1 70. Bxh8 Qxe3+ 71. Kh1 Qc1+ 72. Kg2 Qd2+ 73. Kf1 Kf3 $19)
67... Rc8 68. Bc3 Qxe3+ 69. Kg2 Qe2+ 70. Kg1 Kg4 71. Qd4 Kf3 (71... e3 $19 {
gewann sofort}) 72. Qd2 Qxd2 73. Bxd2 e3 74. Bc3 e2 75. g7 Kg3 76. Be1+ Kf3 77.
Kh2 (77. Bc3 Rg8 78. Kh2 Kxf4 $19) 77... Kxf4 78. Kg2 Kg5 79. Kf2 Kf6 80. Bc3+
Kxe7 81. Kxe2 Kf7 82. Kd3 Rg8 (82... Rxc3+ 83. Kxc3 Kxg7 84. Kd3 Kf6 $19) 83.
Kd4 Rxg7 84. Kc5 f4 85. Kxb5 f3 86. Bd4 Rg5+ {Wegen Tg4 darf der König nicht
auf die 4.Reihe.} 0-1

[Event "EU-chT (Men) 11th"]
[Site "Pula"]
[Date "1997.05.??"]
[Round "7.3"]
[White "Danner, Georg"]
[Black "Westerinen, Heikki MJ"]
[Result "1-0"]
[WhiteElo "2430"]
[BlackElo "2425"]
[Annotator "Hecht,H"]
[PlyCount "103"]
[EventDate "1997.05.05"]
[EventType "team-swiss"]
[EventRounds "9"]
[EventCountry "CRO"]
[SourceTitle "CBM 057 Extra"]
[Source "ChessBase"]
[SourceDate "1997.05.01"]
[SourceVersion "1"]
[SourceVersionDate "1997.05.01"]
[SourceQuality "1"]
[WhiteTeam "Austria"]
[BlackTeam "Finland"]
[WhiteTeamCountry "AUT"]
[BlackTeamCountry "FIN"]

1. d4 d5 2. Nf3 c6 3. e3 Bg4 4. c4 Nf6 5. cxd5 Nxd5 6. Nc3 e6 7. Be2 Be7 8. O-O
O-O 9. e4 Nb6 10. h3 Bxf3 11. Bxf3 Bf6 12. e5 Be7 13. Be4 N8d7 14. Qg4 Kh8 15.
Bc2 Nd5 16. Qe4 g6 17. Bh6 Re8 18. Qg4 f5 19. exf6 N7xf6 20. Qf3 Ng8 21. Bd2
Bg5 22. Rad1 Bxd2 23. Rxd2 Qf6 24. Qe4 Qf4 25. Qxf4 Nxf4 26. Ne4 h6 27. Re1
Rad8 28. h4 Kg7 29. g3 Nh5 30. Bb3 b6 31. Rc1 Ne7 32. Bxe6 Nf5 33. Bxf5 gxf5
34. Nc3 c5 35. Rcd1 c4 36. d5 f4 37. g4 Nf6 38. f3 Re3 39. Kf2 Nd7 40. Rd4 Rf8
41. Re1 Rxe1 42. Kxe1 {[%csl Rc4,Rf4][%cal Rd5d6] schwarze Bauernschwächen bei
einem weißen Mehrbauern; aktive weiße Figuren.} b5 43. Re4 Nc5 44. Re7+ Kf6 45.
d6 Ne6 (45... Rd8 46. Nd5+ Kg6 47. Nxf4+ Kf6 48. Nh5+ Kg6 49. Rg7#) 46. Rxa7 b4
47. Ne4+ Ke5 48. Re7 Kd5 49. d7 Ra8 (49... Rd8 50. Re8 Rxd7 51. Nf6+ $18) 50.
Re8 Nd8 51. g5 hxg5 52. hxg5 1-0

[Event "Abu Dhabi op 13th"]
[Site "Abu Dhabi"]
[Date "2003.08.17"]
[Round "2"]
[White "Vladimirov, Yevgeniy"]
[Black "Hasangatin, Ramil"]
[Result "1-0"]
[WhiteElo "2606"]
[BlackElo "2515"]
[Annotator "Hecht,H"]
[PlyCount "105"]
[EventDate "2003.08.16"]
[EventType "swiss"]
[EventRounds "9"]
[EventCountry "UAE"]
[SourceTitle "CBM 097"]
[Source "ChessBase"]
[SourceDate "2003.11.11"]
[SourceVersion "1"]
[SourceVersionDate "2003.11.11"]
[SourceQuality "1"]

1. d4 d5 2. c4 c6 3. Nf3 dxc4 4. e3 Be6 5. a4 Nf6 6. Na3 c5 7. Nxc4 Nc6 8. Nce5
Nxe5 9. Nxe5 a6 10. a5 cxd4 11. Qa4+ Nd7 12. exd4 g6 13. Bc4 Bxc4 14. Nxc4 Qc7
15. Nb6 Rd8 16. O-O Bg7 17. Bg5 O-O 18. Bxe7 Nxb6 19. Bxd8 Rxd8 20. axb6 Qxb6
21. Rae1 Qxd4 22. Qxd4 Rxd4 23. b3 Rb4 24. Re3 Bf6 25. Rc1 Kg7 26. Rc4 Rxc4 27.
bxc4 {What follows is in many respect an inaccurately played rook vs bishop
endgame with lots of uncertainty. The way the ending was played invites
attempts to find a different / better way. I will make some suggestions. Es
folgt ein in vielen Punkten inkonsequent geführtes Turm/Läufer-Endspiel mit
vielen unklaren Stellen. Der Endspielverlauf lädt dazu ein, anderes/besseres
zu finden. Ich unternehme einige Versuche.} Bd4 28. Ra3 $1 (28. Re8 {together
with the activation of the king and the idea of not allowing the black king on
to the queenside and the prevention of a5-a4 : this seems more logical. nebst
Königsaktivierung und der Idee, den schwarzen König nicht zum Damenflügel zu
lassen sowie a5-a4 ebenso zu hemmen wie b5 sieht logischer aus.}) 28... Kf6 29.
Kf1 h5 30. Ke2 Ke6 31. Ra2 Kd6 32. Kd3 Kc5 33. Re2 $6 ({I will stick up for
Ich breche eine Lanze für} 33. Ra5+ $1 b5 (33... Kb4 34. Rd5 (34. Rxa6 $2 bxa6
35. Kxd4 a5 36. c5 a4 37. c6 a3 38. c7 a2 39. c8=Q a1=Q+ $11 {because it
happens with check. weil das mit Schach geschieht.}) 34... Bxf2 35. Rd7 b5 36.
cxb5 axb5 37. Rxf7 Bg1 38. h4 (38. h3 h4 39. Rg7 Bf2 40. Rxg6 Kb3 {allows more
resistance. erlaubt mehr Widerstand}) 38... Ka3 39. Rf6 b4 40. Kc2 $18) (33...
Kb6 34. Rd5 Bxf2 35. Rd7 Bg1 36. h3 h4 37. Rxf7 {which looks better than what
he achieves in the game. was besser aussieht als er im Text erreicht}) 34. cxb5
axb5 35. Rxb5+ Kxb5 36. Kxd4 Kc6 37. Ke5 Kd7 38. Kf6 Ke8 39. f4 $18 {[%cal
Rf4f5]}) 33... b6 34. f4 (34. Re7 $142 Bxf2 35. Rxf7 Bg1) 34... Bg1 35. h3 Kb4
36. Rb2+ (36. Re7 $5 a5 37. Rxf7 a4 38. f5 gxf5 39. Rxf5 a3 40. Rf1 Bc5 41. g4
hxg4 42. hxg4 a2) 36... Kc5 37. Rb1 (37. g4 hxg4 38. hxg4 {looks more natural.
sieht natürlicher aus.}) 37... Bh2 38. Rf1 f5 39. Kc3 h4 40. Kb3 Bg3 41. Rd1
Bxf4 42. Rd5+ Kc6 43. Rd8 {And here we could think up some ideas for Black's
defence, such as b5 along with g5. Und hier könnte man für die schwarze
Verteidigung Ideen entwickeln; z.B. b5 i.V. mit g5.} Be3 44. Re8 f4 45. Re6+
Kc5 46. Rxg6 Bf2 47. Re6 b5 48. cxb5 axb5 49. Kc3 (49. Re5+ $6 Kd4 50. Rxb5 Kd3
{[%cal Rd3e2]}) 49... Kd5 50. Re8 Kc5 $2 51. Re5+ Kc6 52. Kb4 {[%csl Rb5,Gc5,
Rc6,Ge1][%cal Ge5h5,Ge5a5]} Kd6 53. Rxb5 1-0

[Event "RUS-ch m3-4"]
[Site "Elista"]
[Date "1997.05.24"]
[Round "2.4"]
[White "Burmakin, Vladimir"]
[Black "Zvjaginsev, Vadim"]
[Result "0-1"]
[WhiteElo "2530"]
[BlackElo "2610"]
[Annotator "Hecht,H"]
[PlyCount "102"]
[EventDate "1997.04.19"]
[EventType "k.o."]
[EventRounds "6"]
[EventCountry "RUS"]
[SourceTitle "CBM 059"]
[Source "ChessBase"]
[SourceDate "1997.08.01"]
[SourceVersion "1"]
[SourceVersionDate "1997.08.01"]
[SourceQuality "1"]

1. d4 d5 2. Nf3 Nf6 3. g3 Bf5 4. Bg2 e6 5. O-O h6 6. c4 c6 7. Nc3 Be7 8. Nd2
O-O 9. e4 dxe4 10. Ndxe4 Nbd7 11. Nxf6+ Nxf6 12. Be3 Ng4 13. Bf4 Bd6 14. Bxd6
Qxd6 15. d5 Qc5 16. dxc6 bxc6 17. Ne4 Bxe4 18. Qxg4 Bxg2 19. Kxg2 a5 20. Rfd1
Rfd8 21. Qe2 Qf5 22. Qf3 Qxf3+ 23. Kxf3 Kf8 24. Ke2 Ke7 25. Rac1 Rab8 26. Rxd8
Kxd8 27. Rc2 Kc7 28. Kd3 Rd8+ 29. Kc3 g5 30. Rd2 Rxd2 31. Kxd2 {[#] Ein
schwieriges Bauernendspiel mit verteilten Bauernmehrheiten, das ich im großen
und ganzen Ihrem analytischen Scharfsinn überlasse. Für mich lauten die
Hauptfragen: 1. Warum spielt Schwarz nicht sofort c5? 2. Warum spielt Weiß
nicht selbst c5? Überzeugende Antworten lassen sich nur nach eingehender
Analyse geben. Ich gebe nur sehr kleine Hilfestellung.} f5 (31... c5 32. g4 $5
f5 33. f3 {[#] scheint die schwarze Mehrheit zu paralysieren. Man beachte das
Reservetempo h3. Schwarze Idee: a4 nebst Kc7-b6-a5. Ein Beispiel:} a4 34. b3 $2
(34. Kd3 $1 Kb6 35. Ke3 Ka5 36. a3 Kb6 37. gxf5 exf5 38. f4 Kc6 39. h4 gxh4 (
39... g4 40. h5 $11) 40. Kf3 Kd6 41. Kg2 Ke6 42. Kh3 Kf6 43. Kxh4 Kg6 44. Kh3
$11) 34... axb3 35. axb3 Kb6 36. Kd3 Ka5 37. Kc3 fxg4 38. fxg4 e5 39. h3 e4 $19
) 32. Kc3 (32. c5 e5 33. Kd3 Kd7 34. Kc4 Ke6 35. b3 {[%cal Ra2a3,Rb3b4,Re5e4,
Re6e5,Rh6h5,Rh5h4] [#] Wer lüftet das Geheimnis dieses komplexen
Bauernendspiels? Ich tippe vorsichtig auf Remis, lasse mich jedoch gerne vom
Gegenteil überzeugen, egal ob +- oder -+}) 32... c5 33. b3 e5 34. f3 h5 35. h3
(35. a3 Kd6 36. b4 cxb4+ 37. axb4 a4 {und die getrennt marschierenden
Freibauern dominieren klar die vebundenen. Das ist auch die Regel.}) 35... Kd6
36. Kd3 h4 37. gxh4 (37. g4 e4+ 38. Ke3 exf3 39. gxf5 Ke5 40. Kxf3 Kxf5 41. a3
Ke5 42. Kg4 Kf6 43. Kf3 Kf5 44. a4 Ke5 $19) 37... gxh4 38. Ke3 a4 39. bxa4 (39.
Kd3 axb3 40. axb3 Kc6 41. Kc3 f4 42. Kd3 (42. b4 cxb4+ 43. Kxb4 e4 44. Kc3 e3
45. Kd3 Kc5 46. Kc3 e2 47. Kd2 Kxc4 48. Kxe2 Kc3 $19) 42... Kd6 43. Kc3 Ke6 44.
Kc2 Kf5 45. Kd3 e4+ 46. fxe4+ Ke5 $19 {Zugzwang}) 39... Kc6 40. Kd3 Kb6 41. Kc3
Ka5 42. Kb3 e4 43. fxe4 fxe4 44. Kc3 Kxa4 45. Kd2 Ka3 46. Ke3 Kxa2 47. Kxe4 Ka3
48. Kd3 Kb4 49. Kd2 Kxc4 50. Kc2 Kd4 51. Kd2 Ke4 0-1

[Event "Goodricke op 12th"]
[Site "Kolkata"]
[Date "2001.02.13"]
[Round "8"]
[White "Harikrishna, Pentala"]
[Black "Ramesh, Ramachandran B"]
[Result "1/2-1/2"]
[WhiteElo "2514"]
[BlackElo "2467"]
[Annotator "Hecht,H"]
[PlyCount "86"]
[EventDate "2001.02.06"]
[EventType "swiss"]
[EventRounds "11"]
[EventCountry "IND"]
[SourceTitle "CBM 082"]
[Source "ChessBase"]
[SourceDate "2001.05.17"]
[SourceVersion "1"]
[SourceVersionDate "2001.05.17"]
[SourceQuality "1"]

1. c4 c6 2. Nf3 Nf6 3. d4 d5 4. e3 Bg4 5. h3 Bh5 6. cxd5 cxd5 7. Nc3 Nc6 8. Qb3
Rb8 9. Ne5 e6 10. Bb5 Bd6 11. Nxc6 bxc6 12. Bxc6+ Ke7 13. Qc2 Bg6 14. Qd1 Qb6
15. Ba4 Qa6 16. Bc2 Bb4 17. Bxg6 Bxc3+ 18. bxc3 hxg6 19. Qe2 Qxe2+ 20. Kxe2 Ne4
21. Ba3+ Kd7 22. Rhc1 Rhc8 23. f3 Nxc3+ 24. Kd2 Nb5 25. Rxc8 Rxc8 26. Bc5 Nd6
27. Rb1 Nc4+ 28. Kd3 Kc7 29. e4 Nb6 30. Bxb6+ axb6 31. Rc1+ Kd7 32. Rxc8 dxe4+
33. fxe4 Kxc8 {[#] Latente Freibauerndrohung mittels d5; schlechtere schwarze
Bauernstruktur wegen des Doppelbauern in der g-Linie. Raum.} 34. Kc4 Kc7 (34...
g5 35. Kb5 Kb7 36. d5 Kc7 37. d6+ Kxd6 38. Kxb6 f5 39. e5+ $1 (39. exf5 e5 40.
Kb5 e4 (40... Kd5 41. a4 e4 42. a5 e3 43. a6 e2 44. a7 e1=Q 45. a8=Q+ Kd4 46.
Qd8+ Ke3 47. Qxg5+ Kd3 48. Qxg7 $18) 41. Kc4 Ke5 42. a4 Kf4 43. a5 Kg3 44. Kd4
$18) 39... Kxe5 40. a4 Kf4 41. a5 Kg3 42. a6 Kxg2 43. a7 Kxh3 44. a8=Q $18) 35.
h4 Kc6 36. g3 Kd6 37. Kb5 Kc7 38. a3 Kb7 39. a4 Kc7 40. Ka6 $2 {[%mdl 20480]} (
40. d5 $1 f5 (40... e5 41. g4 f5 42. gxf5 gxf5 43. exf5 Kd6 44. f6 gxf6 45. h5
$18) 41. exf5 $18) 40... f5 $1 41. e5 Kc6 42. Ka7 Kc7 43. Ka8 Kc8 1/2-1/2

[Event "Groningen"]
[Site "Groningen"]
[Date "1994.??.??"]
[Round "8"]
[White "Gulko, Boris F"]
[Black "Sokolov, Ivan"]
[Result "1/2-1/2"]
[WhiteElo "2590"]
[BlackElo "2625"]
[Annotator "Hertneck,G"]
[PlyCount "108"]
[EventDate "1994.12.??"]
[EventType "tourn"]
[EventRounds "11"]
[EventCountry "NED"]
[EventCategory "15"]
[SourceTitle "CBM 045"]
[Source "ChessBase"]
[SourceDate "1995.04.01"]
[SourceVersion "1"]
[SourceVersionDate "1995.04.01"]
[SourceQuality "1"]

1. Nf3 d5 2. d4 c6 3. c4 dxc4 4. e3 b5 5. a4 e6 6. b3 Bb4+ 7. Bd2 Bxd2+ 8.
Nfxd2 cxb3 9. axb5 b2 $5 10. Ra2 Ne7 11. Qb3 $5 {/\ b6} (11. Rxb2 O-O 12. Nc3
Bb7 13. Nce4 Nd7 (13... cxb5 14. Nc5 $13) 14. Nd6 Rb8 15. Nxb7 Rxb7 16. Bd3 c5
$13 {Xu Jun-Sokolov,I/Moscow ol/1994}) 11... Bb7 12. Ne4 O-O 13. Nc5 Qb6 14.
Qxb2 (14. Rxb2 cxb5 (14... Rc8 $2 15. Qa3) 15. Nxb7 Qxb7 16. Qxb5 Qc7 $1 17.
Be2 Nd7 18. Qc4 $10) 14... Rc8 $1 (14... cxb5 15. Nxb7 Qxb7 16. Qxb5 Qc7 17.
Be2 $14) 15. bxc6 $2 (15. Nc3 cxb5 16. Qxb5 Bc6 17. Qxb6 $1 axb6 18. Rxa8 Bxa8
19. N5a4 $13) 15... Bxc6 $15 {>< g2} 16. Nd2 e5 $1 17. Nc4 Qxb2 18. Rxb2 exd4
19. Nd6 (19. exd4 Nf5 $17) 19... Rd8 20. Ndb7 Rf8 (20... Rd5 21. Bc4 $44) 21.
e4 (21. exd4 Nf5 22. Rd2 Bd5 $17) 21... Nd7 $17 22. Nxd7 Bxd7 23. Kd2 a5 24.
Nc5 Bc6 25. Bc4 a4 26. Ba2 g5 27. h4 a3 28. Rb4 Rfb8 29. Rhb1 Rxb4 30. Rxb4
gxh4 31. Rxd4 Rb8 32. Nd3 Bb5 33. Ke3 Nc6 34. Rd6 Rd8 35. Rxd8+ Nxd8 36. Ne1
Nc6 37. Nc2 Bf1 38. Nxa3 Bxg2 39. f4 h3 40. Kf2 Bxe4 41. Kg3 Nd4 42. Kxh3 Ne2
43. Kg4 Kg7 44. f5 Nd4 45. Kf4 Bxf5 46. Nb5 Nxb5 47. Kxf5 Nd6+ 48. Kg5 f6+ 49.
Kg4 Kg6 50. Bb1+ Kg7 51. Kh5 Nc4 52. Bc2 h6 53. Bd3 Ne3 54. Be4 f5 1/2-1/2

[Event "Groningen"]
[Site "Groningen"]
[Date "1994.??.??"]
[Round "11"]
[White "Beliavsky, Alexander G"]
[Black "Van Wely, Loek"]
[Result "0-1"]
[WhiteElo "2640"]
[BlackElo "2560"]
[Annotator "Hertneck,G"]
[PlyCount "102"]
[EventDate "1994.12.??"]
[EventType "tourn"]
[EventRounds "11"]
[EventCountry "NED"]
[EventCategory "15"]
[SourceTitle "CBM 045"]
[Source "ChessBase"]
[SourceDate "1995.04.01"]
[SourceVersion "1"]
[SourceVersionDate "1995.04.01"]
[SourceQuality "1"]

1. d4 {Donev} d5 2. c4 c6 3. Nf3 Nf6 4. Qc2 g6 5. Bf4 Bf5 6. Qb3 Qb6 7. c5 Qxb3
8. axb3 Na6 $2 $146 {This game serves as a warning to play Na6 in this type of
position (although black won it in a creative way).} (8... Nbd7 9. b4 Bg7 10.
h3 Bxb1 11. Rxb1 O-O $13 {Lein,A-Smyslov,V/Hastings/1981-82}) (8... Bxb1 9.
Rxb1 Bg7 10. Ra1 Nbd7 $13 {Miles,A-Rivas Pastor,M/Linares/1985}) 9. Nc3 Nh5 $5
(9... Nb4 $2 10. Ra4 Nc2+ 11. Kd2 {>< c2}) 10. Bd2 (10. e4 $2 dxe4 11. Bxa6
bxa6 $19) (10. Bg3 {Donev,I} Nxg3 11. hxg3 Nb4 12. Kd2 Bg7 13. e3 $10) 10...
Bg7 11. h3 $1 (11. e4 $6 Nb4 $1 (11... dxe4 {Donev,I} 12. Bxa6 bxa6 (12... exf3
$2 13. Bxb7 fxg2 14. Bxc6+ Bd7 15. Bxg2 $16) 13. Ne5 $13) 12. Ra4 (12. exf5 $2
Nc2+ 13. Kd1 Nxa1 14. fxg6 hxg6 15. b4 Nf6 $17) (12. Nxd5 $2 Nc2+ 13. Kd1 Nxa1
14. Nc7+ Kd7 15. Nxa8 Bxe4 $19) 12... Nc2+ 13. Kd1 dxe4 14. Kxc2 (14. Ne5 $2
Nxd4 $19) 14... exf3+ 15. Kc1 $44) (11. e3 Nb4 12. Ra4 Nd3+ 13. Bxd3 Bxd3 14.
g4 Nf6 15. Ne5 $13) 11... Bc2 12. e3 Nb4 (12... Nc7 {Donev,I} 13. b4 a6 14. Na4
$10) 13. Nb5 $1 (13. Ra4 Nd3+ 14. Bxd3 Bxd3 15. g4 Nf6 16. Ne5 $13) 13... Bd3
$8 (13... cxb5 $2 14. Bxb4 O-O (14... a6 {Donev,I} 15. Bxb5+ $16) 15. Bxb5 Bxb3
16. Nd2 $16) 14. Nc7+ $1 (14. Bxd3 Nxd3+ 15. Ke2 cxb5 16. Kxd3 Nf6 17. Ra5 a6
18. c6 bxc6 19. Rha1 $16) (14. Bxb4 $1 {=Donev} Bxb5 15. Bxb5 cxb5 16. Ke2 {
= Donev} O-O 17. c6 $1 $16) 14... Kd7 15. Nxa8 (15. Bxd3 {Donev,I} Nxd3+ 16.
Ke2 Nxf2 (16... Kxc7 17. Kxd3 Nf6 $10) 17. Nxa8 Nxh1 18. Rxa7 N1g3+ 19. Kd3 Rb8
$10) (15. Bxb4 {Donev,I} Bxf1 16. Kxf1 (16. Nxa8 Bxg2 17. Rg1 Bxf3 18. Rxa7 Rb8
) 16... Kxc7 17. Ke2 $10 (17. Ng5 h6 $1 18. Nxf7 Rhf8 19. g4 Nf4 $1 $15)) 15...
Nc2+ 16. Kd1 Bxf1 (16... Nxa1 {Donev,I} 17. Bxd3 Nxb3 18. Bc3 Rxa8 19. Kc2 $18)
17. Kxc2 (17. Rxa7 $2 Bxg2 18. Rg1 Nxe3+ $1 19. Bxe3 Bxf3+ 20. Kd2 Rb8 21. Nb6+
$13) (17. Rxf1 {Donev,I} Nxa1 18. b4 Rxa8 $17) 17... Bxg2 18. Rhg1 (18. Rxa7 {
Donev,I} Bxh1 19. Ng5 h6 20. Nxf7 Rf8 21. Nb6+ Ke6 (21... Kc7 22. Ra8 $1 $14)
22. Ne5 Bxe5 23. dxe5 Rxf2 24. Rxb7 $13) 18... Bxf3 19. Rxa7 Rb8 20. Nb6+ Ke6
21. Rga1 $6 (21. b4 $142 $1 Be2 22. Rga1) 21... Bg2 $132 22. Ra8 (22. h4 Bf6 (
22... Bf6 {Donev,I} 23. Ra8 Rxa8 24. Rxa8 Bxh4 $44)) 22... Rxa8 23. Rxa8 Bxh3
24. Rb8 Nf6 25. Rxb7 h5 26. Nc8 (26. Rc7 $142 h4 27. Rxc6+ Kf5 28. f3 Bg2 29.
Nxd5 Bxf3 30. Nxe7+ Kg4 $44) 26... Bf8 27. Na7 (27. f3 $1 {/\ Be1} Bg2 28. Na7
Bxf3 29. Nxc6 $16) (27. b4 Bf5+ 28. Kb3 Bd3 $1 $13) (27. Rc7 $5 {Donev,I})
27... h4 28. Nxc6 Bg2 29. Ne5 (29. Nd8+ $5 {Donev,I} Kf5 30. c6) 29... h3 30.
c6 Be4+ 31. Kc3 Kd6 32. c7 (32. Nxf7+ $1 $16 {Donev,I} Kxc6 33. Nd8+ Kd6 34.
Kb4 Ne8 35. Ka4 Nc7 36. Ba5 Kd7 (36... Na6 37. Bb6 h2 38. b4 $1 h1=Q 39. Bc5+
Nxc5+ 40. bxc5#) 37. Bxc7 $18) 32... Bf5 $17 33. Ra7 (33. Kb4 h2 34. Ka5 Bc8
35. Rb6+ Kxc7 36. Rc6+ Kb7 37. Rc1 Ne4 $17) 33... h2 34. Nxf7+ Kc6 35. Ne5+ Kb6
36. Ra1 Ne4+ 37. Kd3 Ng3+ $1 $19 (37... Nxf2+ $2 38. Ke2 h1=Q 39. Rxh1 Nxh1 40.
Nxg6 $1 $10) 38. e4 (38. Kc3 Ne2+ 39. Kb4 Ng1 $19) 38... Bxe4+ 39. Ke3 (39. Kc3
Ne2+ 40. Kb4 e6+ 41. Ka4 Kxc7 42. f3 Ng1 $19) 39... Bh6+ $1 40. f4 Kxc7 41. Nf3
h1=Q 42. Rxh1 Nxh1 43. Be1 Kd7 44. Ng5 Bg2 45. Bh4 Bg7 46. b4 Bf6 47. Be1 Kc6
48. b3 Bf1 49. Bh4 Kb6 50. Be1 Kb5 51. Nh7 Bh3 0-1

[Event "Itau Mercosul Cup 3rd"]
[Site "Sao Paulo"]
[Date "1999.10.22"]
[Round "9"]
[White "Segal, Alexandru Sorin"]
[Black "Pelikian, Jefferson"]
[Result "1/2-1/2"]
[WhiteElo "2330"]
[BlackElo "2395"]
[Annotator "Hindemburg,Melao"]
[PlyCount "62"]
[EventDate "1999.10.??"]
[EventType "swiss"]
[EventRounds "9"]
[EventCountry "BRA"]
[SourceTitle "EXT 2000"]
[Source "ChessBase"]
[SourceDate "1999.11.16"]
[SourceVersion "1"]
[SourceVersionDate "1999.11.16"]
[SourceQuality "1"]

1. d4 d5 2. Nf3 c6 3. Nbd2 Nf6 4. c4 Bf5 5. Qb3 Qb6 6. e3 e6 7. Be2 Nbd7 8. O-O
h6 9. Ne1 Be7 10. Bd3 Bxd3 11. Nxd3 O-O 12. Nf3 {>< e5} Qa6 $1 {/^ f1-a6} 13.
cxd5 cxd5 14. Bd2 Rfc8 $36 {>< c4, <-> c} 15. Rfc1 Ne4 16. Be1 Bd6 17. Nd2 Nxd2
18. Bxd2 Rc4 19. Qd1 Rac8 20. a3 Qb5 21. b3 R4c6 22. Rxc6 Rxc6 (22... Qxc6 $2
23. Rc1 $18) 23. Bb4 Bxb4 24. Nxb4 Rc7 25. Rb1 a5 26. Qd3 Qxd3 27. Nxd3 Rc3 28.
Ne1 b5 29. Kf1 a4 30. Ke2 Nb6 31. bxa4 Nxa4 1/2-1/2